[Event "St Louis Spring Classic C"]
[Site "Saint Louis USA"]
[Date "2017.05.21"]
[Round "7.2"]
[White "Stukopin,A"]
[Black "Li,Ruifeng"]
[Result "0-1"]
[WhiteElo "2586"]
[BlackElo "2574"]

1.e4 c5 2.Nf3 d6 3.d4 cxd4 4.Nxd4 Nf6 5.Nc3 a6 6.Be3 e5 7.Nb3 Be6 8.h3 Be7
9.f4 Nc6 10.f5 Bxb3 11.axb3 Nb4 12.g3 d5 13.exd5 Qc7 14.d6 Bxd6 15.Nb5 Nxc2+
16.Ke2 axb5 17.Rxa8+ Ke7 18.Rxh8 Nxe3 19.Kxe3 Qc5+ 20.Ke2 Ne4 21.Qd3 Qf2+
22.Kd1 Nxg3 23.f6+ gxf6 24.Qd5 Nxf1 25.Qxb7+ Ke6 26.Qc8+ Kd5 27.Qa8+ Kd4
28.Qa7+ Bc5 29.Rd8+ Ke4 30.Qb7+ Kf4 31.Kc1 Qe1+ 32.Kc2 f5 33.b4 Ne3+ 34.Kb3
Qxb4+ 35.Ka2 Qa5+ 36.Kb1 Qxd8 37.Qxb5 Qd5 {#R} 0-1

[Event "26th Guillermo Garcia Elite"]
[Site "Santa Clara CUB"]
[Date "2017.05.16"]
[Round "1.5"]
[White "Gallego Alcaraz,A"]
[Black "Espinosa Veloz,E"]
[Result "0-1"]
[WhiteElo "2448"]
[BlackElo "2515"]

1.d4 Nf6 2.Nf3 g6 3.c4 Bg7 4.Nc3 d5 5.Bg5 Ne4 6.Bf4 Nxc3 7.bxc3 c5 8.cxd5 cxd4
9.cxd4 Qxd5 10.e3 Nc6 11.Be2 Qa5+ 12.Qd2 Qxd2+ 13.Kxd2 O-O 14.Bb5 Be6 15.Bxc6
bxc6 16.Rhc1 Rac8 17.Rc5 Rfd8 18.a4 f6 19.Rb1 Bf5 20.Rb7 e5 21.Bg3 Bf8 22.Ra5
c5 23.Raxa7 cxd4 24.exd4 Bh6+ 25.Ke2 Rc2+ 26.Kd1 Rdc8 {#R} 0-1

[Event "26th Guillermo Garcia Elite"]
[Site "Santa Clara CUB"]
[Date "2017.05.17"]
[Round "2.1"]
[White "Krutti,V"]
[Black "Espinosa Veloz,E"]
[Result "0-1"]
[WhiteElo "2359"]
[BlackElo "2515"]

1.c4 Nf6 2.Nc3 d5 3.d4 g6 4.Nf3 Bg7 5.e3 O-O 6.Qb3 e6 7.Bd2 Ne4 8.cxd5 Nxc3
9.Bxc3 exd5 10.Be2 Re8 11.O-O c6 12.Ne5 Nd7 13.Nxd7 Qxd7 14.Qc2 Qe7 15.b4 Qg5
16.Rfc1 Bf5 17.Qd1 Bf8 18.a4 Bd6 19.Bd2 Re4 20.g3 h5 21.b5 h4 22.f4 Qe7 23.Rc3
c5 24.dxc5 Bxc5 25.Qc1 Bd4 26.Rd3 Rc8 27.Qa3 Bxa1 28.Qxa1 d4 29.Rxd4 Rxe3 {#R}
0-1

[Event "26th Guillermo Garcia Elite"]
[Site "Santa Clara CUB"]
[Date "2017.05.17"]
[Round "2.2"]
[White "Ruiz Sanchez,O"]
[Black "Gallego Alcaraz,A"]
[Result "0-1"]
[WhiteElo "2455"]
[BlackElo "2448"]

1.e4 e6 2.d4 d5 3.Bd3 c5 4.Nf3 dxe4 5.Bxe4 Nf6 6.Bd3 Nc6 7.dxc5 Bxc5 8.O-O Qc7
9.Nc3 Bd7 10.a3 a6 11.Ne4 Ba7 12.Qe1 Ng4 13.h3 h5 14.Qc3 Bd4 15.Qd2 f5 16.Neg5
Ba7 17.hxg4 hxg4 18.Qf4 Qxf4 19.Bxf4 gxf3 20.Nxf3 O-O-O 21.Rfe1 Rh5 22.Bc4
Rdh8 23.Kf1 g5 24.Bxg5 e5 25.Be3 e4 26.Ng1 Bb8 27.f4 Rh2 28.b4 R8h4 29.g3 Rg4
30.Re2 Rh7 31.Bf2 Ne7 32.Rd1 Bc7 33.Red2 Bc6 34.Be6+ Kb8 35.Re1 Rh1 36.c4 Ba4
37.Re3 Bb6 38.c5 Bc7 39.Bd7 Bc6 40.Bxc6 bxc6 41.Rb3 Nd5 42.Re2 Kb7 43.Kg2 Rh7
44.Kf1 Rg6 45.a4 Nf6 46.b5 a5 47.b6 Bd8 48.Rd2 Nd5 49.Ne2 Bf6 50.Bd4 Bxd4
51.Rxd4 Rh1+ 52.Kf2 Rgh6 53.Rxd5 cxd5 54.Ke3 Rc6 55.Rb5 Rd1 56.Rxa5 d4+ 57.Kf2
Rd2 58.Ra7+ Kb8 59.a5 d3 60.Ke3 Rxe2+ 61.Kd4 d2 62.Kd5 Rxc5+ {#R} 0-1

[Event "26th Guillermo Garcia Elite"]
[Site "Santa Clara CUB"]
[Date "2017.05.18"]
[Round "3.1"]
[White "Borges Mateos,J"]
[Black "Krutti,V"]
[Result "1-0"]
[WhiteElo "2452"]
[BlackElo "2359"]

1.d4 d5 2.c4 c6 3.Nf3 Nf6 4.Nc3 dxc4 5.a4 Bf5 6.Ne5 Nbd7 7.Nxc4 Nb6 8.Ne5 a5
9.f3 Nfd7 10.Nxd7 Bxd7 11.e4 g6 12.Be3 Bg7 13.Qb3 Bc8 14.Rd1 Nd7 15.h4 Qb6
16.Qxb6 Nxb6 17.h5 O-O 18.hxg6 hxg6 19.Kf2 Bd7 20.Be2 Rfd8 21.g4 Be8 22.d5 Nd7
23.f4 cxd5 24.Nxd5 Nf6 25.Nxf6+ Bxf6 26.e5 Bg7 27.b3 g5 28.f5 Bxe5 29.Bxg5 Kf8
30.Bh6+ Kg8 31.Be3 Rdc8 32.Bf3 Rc7 33.Rc1 Bc6 34.Rhd1 e6 35.Bb6 Bxf3 36.Kxf3
Rxc1 37.Rxc1 Ra6 38.Bd8 exf5 39.gxf5 Bf6 40.Bc7 Be7 41.Ke4 Bb4 42.Be5 {#r} 1-0

[Event "26th Guillermo Garcia Elite"]
[Site "Santa Clara CUB"]
[Date "2017.05.18"]
[Round "3.3"]
[White "Alvarez Pedraza,A"]
[Black "Juarez Flores,C"]
[Result "1-0"]
[WhiteElo "2483"]
[BlackElo "2398"]

1.d4 d5 2.Bg5 c6 3.e3 Qb6 4.b3 h6 5.Bh4 e5 6.Nf3 Bg4 7.Be2 e4 8.Ne5 Be6 9.O-O
Be7 10.Bg3 Nf6 11.c4 O-O 12.Nc3 Nbd7 13.Nxd7 Nxd7 14.c5 Qd8 15.b4 f5 16.b5 g5
17.bxc6 bxc6 18.Qa4 Rc8 19.Ba6 f4 20.Bxc8 Qxc8 21.Qxa7 fxg3 22.fxg3 Re8 23.a4
Qa8 24.Qxa8 Rxa8 25.a5 Ra6 26.Na2 Rxa5 27.Nb4 Rb5 28.Nxc6 Bf8 29.Ra8 {#r} 1-0

[Event "26th Guillermo Garcia Elite"]
[Site "Santa Clara CUB"]
[Date "2017.05.18"]
[Round "3.4"]
[White "Gallego Alcaraz,A"]
[Black "Martinez Duany,L"]
[Result "1-0"]
[WhiteElo "2448"]
[BlackElo "2513"]

1.d4 Nf6 2.c4 g6 3.Nc3 Bg7 4.e4 d6 5.Nf3 O-O 6.Be2 e5 7.O-O Nc6 8.d5 Ne7 9.Nd2
a5 10.a3 c5 11.Rb1 Bh6 12.b4 axb4 13.axb4 b6 14.Qc2 Nh5 15.Bxh5 gxh5 16.Nf3
Bg7 17.Nh4 Kh8 18.Bg5 f6 19.Be3 f5 20.bxc5 bxc5 21.Nxf5 Nxf5 22.exf5 Bxf5
23.Ne4 Ra3 24.Ra1 Rxa1 25.Rxa1 Qe8 26.f3 Qg6 27.Ra6 Bh6 28.Bxh6 Qxh6 29.Qd2
Qxd2 30.Nxd2 Rf6 31.g3 h4 32.g4 Bg6 33.Kf2 Kg7 34.g5 Rf5 35.Rxd6 Rxg5 36.Rd7+
Kh6 37.Re7 h3 38.d6 Rg2+ 39.Ke3 Bf5 40.Rxe5 Bd7 41.Nf1 Rg6 42.Rd5 Kg7 43.Ng3
Kf7 44.Ne4 Ke8 45.Nxc5 Bc6 46.Rd2 h5 47.Ne4 h4 48.c5 Kd7 49.Ra2 Rg2 50.Ra7+
Kd8 51.Rh7 Rxh2 52.Nf6 Kc8 53.Rc7+ Kd8 54.Rxc6 Rc2 55.d7 {#r} 1-0

[Event "26th Guillermo Garcia Elite"]
[Site "Santa Clara CUB"]
[Date "2017.05.19"]
[Round "4.1"]
[White "Krutti,V"]
[Black "Ruiz Sanchez,O"]
[Result "0-1"]
[WhiteElo "2359"]
[BlackElo "2455"]

1.d4 d5 2.Nf3 c6 3.c4 e6 4.Qc2 Nf6 5.Bg5 h6 6.Bxf6 Qxf6 7.g3 Nd7 8.Bg2 Bb4+
9.Nc3 b6 10.Qa4 Bxc3+ 11.bxc3 Bb7 12.cxd5 exd5 13.O-O O-O 14.Nd2 Rfe8 15.Rfe1
Qd8 16.Rad1 Qc7 17.c4 Nf6 18.Rc1 Qd8 19.e3 Re7 20.Rc2 h5 21.Rec1 h4 22.cxd5
cxd5 23.Nf3 hxg3 24.hxg3 Nd7 25.Ne1 Nf6 26.Nd3 Ne4 27.Ne5 g6 28.Nc6 Bxc6
29.Rxc6 Kg7 30.Qa3 Rb8 31.R1c2 Rbb7 32.Qc1 Qd7 33.Qd1 b5 34.Qf3 b4 35.Qd1 Nc3
36.R2xc3 bxc3 37.Rxc3 Rb5 38.Rb3 Ra5 39.Qd2 Qa4 40.Rb8 Rc7 41.Rd8 Rc2 42.Qd1
Qc4 43.Qf3 Qc7 44.Rxd5 Raxa2 45.Bf1 Ra1 46.Kg2 Rcc1 47.Bb5 Rg1+ 48.Kh2 Qc8
{#R} 0-1

[Event "26th Guillermo Garcia Elite"]
[Site "Santa Clara CUB"]
[Date "2017.05.19"]
[Round "4.3"]
[White "Juarez Flores,C"]
[Black "Gallego Alcaraz,A"]
[Result "0-1"]
[WhiteElo "2398"]
[BlackElo "2448"]

1.e4 c5 2.Nf3 Nc6 3.d4 cxd4 4.Nxd4 Nf6 5.Nc3 d6 6.Bg5 e6 7.Qd2 a6 8.O-O-O h6
9.Bf4 Bd7 10.Nxc6 Bxc6 11.Bxd6 Bxd6 12.Qxd6 Qxd6 13.Rxd6 Bxe4 14.Rd2 Bc6 15.f3
Ke7 16.Bd3 g5 17.Re1 Rad8 18.a3 Rd4 19.Bf1 Rxd2 20.Kxd2 h5 21.Ke3 h4 22.h3 Nh5
23.Kf2 Rd8 24.Rd1 Re8 25.Ne2 e5 26.c4 f5 27.Nc3 Ng3 28.c5 g4 29.Bc4 e4 30.hxg4
fxg4 31.fxg4 Kf6 32.Ke3 Kg5 33.Be2 Nxe2 34.Nxe2 Kxg4 35.Rd6 Rg8 36.Nd4 Kg3
37.Nf5+ Kh2 38.Rd2 {#R} 0-1

[Event "Guillermo Garcia Premier 1"]
[Site "Santa Clara CUB"]
[Date "2017.05.16"]
[Round "1.1"]
[White "Jimenez Fraga,P"]
[Black "Sandoval Mercado,Carlos"]
[Result "1-0"]
[WhiteElo "2432"]
[BlackElo "2118"]

1.Nf3 d5 2.d4 Nf6 3.c4 e6 4.Nc3 Be7 5.Bg5 O-O 6.e3 Nbd7 7.Bd3 c6 8.O-O dxc4
9.Bxc4 Nd5 10.Bxe7 Qxe7 11.e4 Nxc3 12.bxc3 Rd8 13.Re1 b5 14.Bd3 Bb7 15.Qe2 a6
16.a4 Nb6 17.Bc2 Nxa4 18.Bxa4 bxa4 19.c4 Rdb8 20.c5 a5 21.Rxa4 Bc8 22.Qd2 Qc7
23.Ne5 Ra7 24.Nc4 Rb5 25.h3 Qd8 26.Nd6 e5 27.Rea1 Rb3 28.Rxa5 Rxa5 29.Rxa5
Rb1+ 30.Kh2 Be6 31.d5 Bd7 32.dxc6 Be6 33.Ra7 h6 34.c7 Qf8 35.c8=Q Bxc8 36.Ra8
{#r} 1-0

[Event "Guillermo Garcia Premier 1"]
[Site "Santa Clara CUB"]
[Date "2017.05.16"]
[Round "1.3"]
[White "Cu Hor,W"]
[Black "Garcia Guerrero,I"]
[Result "1-0"]
[WhiteElo "2306"]
[BlackElo "2332"]

1.Nf3 c5 2.g3 g6 3.Bg2 Bg7 4.O-O Nc6 5.c4 e5 6.Nc3 d6 7.a3 a5 8.d3 Nge7 9.Ne1
Be6 10.Nc2 d5 11.cxd5 Nxd5 12.Ne4 Qe7 13.Ne3 Nb6 14.Nc4 Nxc4 15.dxc4 O-O
16.Bg5 f6 17.Be3 Rfd8 18.Qa4 Nd4 19.Bxd4 cxd4 20.Qb5 f5 21.Nc5 Bf7 22.Rac1 e4
23.b4 axb4 24.axb4 Rab8 25.Qb6 Bh6 26.Rc2 d3 27.exd3 exd3 28.Rc3 d2 29.Bf3 Qe5
30.Rd3 Rxd3 31.Nxd3 Qc3 32.Qd6 Re8 33.Bd5 Re1 34.Bxf7+ Kg7 35.Nxe1 dxe1=Q
36.Be6 Qxb4 37.Qd4+ Kf8 38.Qf6+ Ke8 39.Qf7+ {#r} 1-0

[Event "Guillermo Garcia Premier 1"]
[Site "Santa Clara CUB"]
[Date "2017.05.16"]
[Round "1.4"]
[White "Medina Diaz,Rafael Alejandro"]
[Black "Fernandez Guillen,E"]
[Result "0-1"]
[WhiteElo "2317"]
[BlackElo "2424"]

1.e4 e5 2.Nf3 Nc6 3.d4 exd4 4.Nxd4 Bb4+ 5.c3 Bc5 6.Nxc6 bxc6 7.Bd3 d6 8.O-O
Ne7 9.Nd2 O-O 10.b4 Bb6 11.a4 a5 12.Nc4 f5 13.Nxb6 cxb6 14.Bc4+ Kh8 15.Bf4
axb4 16.cxb4 fxe4 17.Qxd6 Bg4 18.h3 Bh5 19.Qxd8 Rfxd8 20.Be3 Rab8 21.Rfc1 h6
22.a5 b5 23.Be6 Ra8 24.g4 Be8 25.Rd1 Nd5 26.Bxd5 cxd5 27.Rac1 Rd6 28.Rc7 h5
29.g5 h4 30.Kh2 Bh5 31.Rd4 Rad8 32.Rc5 Be2 33.Bf4 R6d7 34.g6 Bc4 35.Bg5 Rf8
36.Bxh4 Rd6 37.Bg3 Rxg6 38.Rc7 Rf3 39.Kg2 Rb3 40.Rb7 Rxb4 41.Rb6 Kh7 42.Kh2
Ra4 43.Rxg6 Kxg6 44.Bc7 Ra2 45.Kg3 b4 46.Rd1 Bd3 47.a6 b3 48.Be5 Kf5 49.Bd4 b2
50.Bxb2 Rxb2 51.Ra1 Rb8 52.a7 Ra8 53.Ra5 Ke5 54.f4+ Kd6 55.Kf2 d4 56.h4 Kc6
57.h5 Bb5 58.f5 Kb6 59.Ra1 Rxa7 60.Rg1 Rf7 {#R} 0-1

[Event "Guillermo Garcia Premier 1"]
[Site "Santa Clara CUB"]
[Date "2017.05.16"]
[Round "1.5"]
[White "Otero Acosta,D"]
[Black "Lorenzana,W"]
[Result "1-0"]
[WhiteElo "2438"]
[BlackElo "2330"]

1.d4 Nf6 2.c4 g6 3.Nc3 Bg7 4.e4 O-O 5.f3 d6 6.Bg5 c5 7.d5 h6 8.Be3 e6 9.Qd2
exd5 10.cxd5 Re8 11.Be2 Nfd7 12.Nh3 Na6 13.O-O Kh7 14.Nf2 Nc7 15.a4 a6 16.f4
Rb8 17.Bd3 b5 18.axb5 axb5 19.e5 dxe5 20.f5 e4 21.Bxe4 Ne5 22.d6 Na6 23.fxg6+
fxg6 24.Bf4 Rb6 25.Rad1 Bf5 26.Bxf5 gxf5 27.Rfe1 Nb4 28.Re2 Re6 29.Qe1 Nbc6
30.Rd5 Ng6 31.Rxe6 Nxf4 32.Re8 Qg5 33.g3 Nxd5 34.Nxd5 Nd4 35.Qe7 Ra6 36.Qxg5
hxg5 37.d7 Nc6 38.Rc8 Ra7 39.Nb6 {#r} 1-0

[Event "Guillermo Garcia Premier 1"]
[Site "Santa Clara CUB"]
[Date "2017.05.17"]
[Round "2.1"]
[White "Sandoval Mercado,Carlos"]
[Black "Lorenzana,W"]
[Result "0-1"]
[WhiteElo "2118"]
[BlackElo "2330"]

1.d4 Nf6 2.c4 g6 3.g3 Bg7 4.Bg2 d6 5.Nc3 O-O 6.Nf3 c6 7.O-O Nbd7 8.Qc2 e5
9.Rd1 Qe7 10.e4 exd4 11.Nxd4 Re8 12.b3 a5 13.Bf4 Nh5 14.Be3 Nc5 15.Re1 Nf6
16.Rad1 Ng4 17.Bc1 a4 18.b4 Ne6 19.Nxe6 Bxe6 20.Nxa4 b5 21.Nb6 Ra6 22.Nd5 Qa7
23.Be3 Nxe3 24.Nxe3 Rxa2 25.Qd3 bxc4 26.Qxd6 Rc8 27.Bf1 c3 28.Bd3 Bf8 29.Qe5
Bxb4 30.Rf1 Qc5 31.Qf6 Qe7 32.Qe5 Bb3 33.Qxe7 Bxe7 34.Rc1 Bf6 35.Bc2 Be6
36.Rfd1 Rd8 37.Rxd8+ Bxd8 38.Kf1 Bb6 39.Ke2 Bd4 40.Kd3 c5 41.Nd1 Ra3 42.Rb1 h5
43.Ne3 Kg7 44.f3 Ra2 45.Nd5 Ra3 46.Rb3 Ra7 47.Rb1 Rd7 48.Bb3 Rb7 49.Bc2 Rxb1
50.Bxb1 Bg1 51.Nxc3 Bxh2 52.Ne2 g5 53.Ke3 h4 54.Kf2 hxg3+ 55.Nxg3 Kf6 56.Ne2
Be5 57.Bc2 Bb2 58.Ke3 Ke5 59.Kd2 f6 60.Ke3 Bf7 61.Kf2 Bd4+ 62.Kg3 Be3 63.Kg2
Bc4 64.Kf1 Bd2 65.Kf2 Ba2 66.Kf1 c4 67.Kf2 Bb3 68.Bb1 c3 69.Bd3 c2 70.Ba6 c1=Q
71.Nxc1 Bxc1 72.Bc8 Be6 73.Ba6 Kf4 74.Kg2 g4 75.fxg4 Bxg4 {#R} 0-1

[Event "Guillermo Garcia Premier 1"]
[Site "Santa Clara CUB"]
[Date "2017.05.17"]
[Round "2.3"]
[White "Garcia Guerrero,I"]
[Black "Medina Diaz,Rafael Alejandro"]
[Result "1-0"]
[WhiteElo "2332"]
[BlackElo "2317"]

1.d4 d5 2.c4 c6 3.cxd5 cxd5 4.Nc3 Nf6 5.Bf4 Nc6 6.e3 Bf5 7.Qb3 Na5 8.Qa4+ Bd7
9.Qc2 e6 10.Bd3 Be7 11.Nf3 Nc6 12.a3 Rc8 13.h3 a6 14.O-O b5 15.Ne5 O-O 16.Qe2
Nxe5 17.Bxe5 Bc6 18.a4 b4 19.Na2 a5 20.Nc1 Qd7 21.Bxf6 Bxf6 22.Nb3 Be7 23.Bb5
Bxb5 24.axb5 Rb8 25.Rxa5 Rfc8 26.Rfa1 Bf8 27.Ra7 Qe8 28.Rc1 Rxc1+ 29.Nxc1 Qc8
30.Nd3 Qc4 31.Rxf7 Ra8 32.g3 Qxb5 33.Rc7 b3 34.Kg2 Bd6 35.Rc3 Rb8 36.Qg4 Qd7
37.Qd1 Qa4 38.Qg4 Re8 39.Rc8 Qd7 40.Rxe8+ Qxe8 41.Qd1 Qg6 42.Qxb3 Qe4+ 43.Kh2
Qf3 44.Qc2 Kf7 45.Ne1 Qf6 46.Kg2 h5 47.h4 e5 48.dxe5 Bxe5 49.Nf3 Bxb2 50.Ng5+
Ke7 51.Qc7+ Ke8 52.Qc8+ Ke7 53.Qb7+ Kd6 54.Qa6+ Kc5 55.Qe2 g6 56.Qc2+ Bc3
57.Qa4 Be1 58.Qc2+ Kd6 59.Nh3 d4 60.exd4 Qxd4 61.Qxg6+ Kd7 62.Qxh5 Bd2 63.Qf5+
Kc7 64.Nf4 Kd6 65.Qd3 {#r} 1-0

[Event "Guillermo Garcia Premier 1"]
[Site "Santa Clara CUB"]
[Date "2017.05.17"]
[Round "2.4"]
[White "Gomez Sanchez,Jorge Marcos"]
[Black "Cu Hor,W"]
[Result "1-0"]
[WhiteElo "2430"]
[BlackElo "2306"]

1.e4 c5 2.Nf3 d6 3.Nc3 a6 4.g3 b5 5.d4 cxd4 6.Nxd4 Nf6 7.Bg2 e5 8.Nde2 Nbd7
9.h3 h5 10.O-O Bb7 11.f4 Qb6+ 12.Kh1 b4 13.Nd5 Bxd5 14.exd5 Be7 15.fxe5 Nxe5
16.Nd4 Nfd7 17.Nf5 Bf6 18.Be3 Qc7 19.c3 g6 20.Nd4 O-O 21.Bh6 Rfe8 22.cxb4 Qb6
23.Nc6 Nc4 24.Rxf6 Nxf6 25.Qf1 Ne3 26.Bxe3 Qxe3 27.Qxf6 Qxg3 28.Ne7+ {#r} 1-0

[Event "Guillermo Garcia Premier 1"]
[Site "Santa Clara CUB"]
[Date "2017.05.18"]
[Round "3.1"]
[White "Garcia Matos,R"]
[Black "Sandoval Mercado,Carlos"]
[Result "1-0"]
[WhiteElo "2374"]
[BlackElo "2118"]

1.e4 c5 2.Nf3 e6 3.d4 cxd4 4.Nxd4 Nf6 5.Nc3 Nc6 6.g3 d5 7.exd5 Nxd5 8.Bg2 Ndb4
9.Nxc6 Qxd1+ 10.Kxd1 bxc6 11.a3 Nd5 12.Bd2 Be7 13.Re1 Rb8 14.Kc1 Bd7 15.Nd1
O-O 16.c4 Nb6 17.b3 Rfd8 18.Kc2 Be8 19.f4 Bf6 20.Bc3 Bxc3 21.Nxc3 c5 22.Re5
Rbc8 23.Bb7 Rc7 24.Ba6 f6 25.Re2 Bg6+ 26.Kb2 Rcd7 27.a4 Rd2+ 28.Rxd2 Rxd2+
29.Ka3 e5 30.fxe5 fxe5 31.Re1 Rc2 32.Ne4 Nd7 33.Bb5 Nb8 34.Nxc5 e4 35.h4 h5
36.a5 Rd2 37.Nxe4 Rd8 38.Nc5 Rc8 39.Nd7 a6 40.Ba4 Nxd7 41.Bxd7 Rc7 42.Be8 Bd3
43.Bxh5 Rc5 44.Bf3 Rxa5+ 45.Kb4 Ra2 46.c5 a5+ 47.Kc3 Bg6 48.Be4 Bf7 49.c6 a4
50.c7 {#r} 1-0

[Event "Guillermo Garcia Premier 1"]
[Site "Santa Clara CUB"]
[Date "2017.05.18"]
[Round "3.2"]
[White "Cu Hor,W"]
[Black "Jimenez Fraga,P"]
[Result "0-1"]
[WhiteElo "2306"]
[BlackElo "2432"]

1.Nf3 Nf6 2.g3 g6 3.Bg2 Bg7 4.O-O d5 5.c4 dxc4 6.Na3 O-O 7.Nxc4 Nc6 8.d3 Re8
9.Bd2 e5 10.Rc1 Qe7 11.Bc3 Nd5 12.e4 Nb6 13.Na5 Nb4 14.Bxb4 Qxb4 15.Qd2 Qe7
16.Qe3 c6 17.a3 Rd8 18.Rfd1 Be6 19.b4 Rd7 20.h3 Rad8 21.Rd2 Qf8 22.g4 f6
23.Qc5 Qxc5 24.bxc5 Na4 25.Rdc2 Bf8 26.Bf1 Kf7 27.g5 h6 28.gxf6 Kxf6 29.Kg2
Rc7 30.Nc4 Nxc5 31.Ncxe5 Nb3 32.Rb1 g5 33.Rcb2 Nc5 34.d4 Nxe4 35.Rxb7 Rdc8
36.Bc4 Bxa3 37.Bxe6 Kxe6 38.R7b3 Bd6 39.Nc4 Bf4 40.Ra1 c5 41.Re1 Kf5 42.Ne3+
Bxe3 43.Rbxe3 Nf6 44.Ne5 Nd5 45.Re4 Nf4+ 46.Kh2 cxd4 47.Rxd4 Re8 48.Nf3 Rxe1
49.Nxe1 Rc3 50.Ra4 Rxh3+ 51.Kg1 Rc3 52.f3 Re3 53.Kf1 Re7 54.Nc2 h5 55.Nd4+ Kf6
56.Ra6+ Kf7 57.Nc6 Rc7 58.Rxa7 Rxa7 59.Nxa7 Ke6 60.Nc6 Kd5 61.Nd8 Ke5 62.Nc6+
Kd5 63.Nd8 Ke5 64.Nf7+ Kf6 65.Nd6 Ne6 66.Ne4+ Ke5 67.Kg2 Kf4 68.Kh3 Nd4
69.Nxg5 Kxg5 70.f4+ Kg6 71.Kh4 Nf5+ 72.Kh3 Kh6 73.Kh2 h4 74.Kg2 Kh5 75.Kh2 Kg4
76.Kg2 h3+ 77.Kh2 Ne3 78.Kh1 Kg3 79.Kg1 Ng4 80.Kh1 Nf2+ {#R} 0-1

[Event "Guillermo Garcia Premier 1"]
[Site "Santa Clara CUB"]
[Date "2017.05.18"]
[Round "3.3"]
[White "Medina Diaz,Rafael Alejandro"]
[Black "Gomez Sanchez,Jorge Marcos"]
[Result "1-0"]
[WhiteElo "2317"]
[BlackElo "2430"]

1.e4 c5 2.Nf3 Nc6 3.d4 cxd4 4.Nxd4 g6 5.Nc3 Bg7 6.Be3 Nf6 7.Nxc6 bxc6 8.e5 Ng8
9.Bd4 f6 10.exf6 Nxf6 11.Bc4 d5 12.Bb3 O-O 13.O-O Qd6 14.f3 e5 15.Bf2 Kh8
16.Re1 Ba6 17.Qd2 c5 18.Bxd5 Rad8 19.Rad1 Bb7 20.Qc1 Nxd5 21.Nxd5 Bxd5 22.c4
Qc6 23.cxd5 Rxd5 24.Rxd5 Qxd5 25.b3 Rc8 26.Rd1 Qe6 27.Qc4 Qf5 28.h3 h5 29.a4
Kh7 30.Rd5 Bh6 31.Rd6 Bf4 32.g3 Bh6 33.Kg2 Rf8 34.Qd3 Kh8 35.Qxf5 Rxf5 36.Rxg6
Bf8 37.Rc6 Kg8 38.Bxc5 e4 39.Bxf8 exf3+ 40.Kf2 Kxf8 41.Rc8+ Ke7 42.Rc7+ Kd6
43.Rxa7 h4 44.gxh4 Rh5 45.Rb7 Rxh4 46.a5 Rxh3 47.b4 Rh2+ 48.Kxf3 Ra2 49.Ke4
Kc6 50.Rb6+ Kc7 51.Kd5 Rc2 52.Rb5 Rh2 53.a6 Ra2 54.Rb7+ Kc8 55.b5 Rc2 56.Rb6
Ra2 57.Kc4 Ra1 58.Rb7 Rh1 59.Kb4 Rh6 60.Ka5 Rg6 61.Rf7 Rg8 {#r} 1-0

[Event "Guillermo Garcia Premier 1"]
[Site "Santa Clara CUB"]
[Date "2017.05.18"]
[Round "3.4"]
[White "Otero Acosta,D"]
[Black "Garcia Guerrero,I"]
[Result "0-1"]
[WhiteElo "2438"]
[BlackElo "2332"]

1.d4 Nf6 2.c4 e6 3.Nc3 Bb4 4.e3 b6 5.Ne2 Bb7 6.a3 Be7 7.Ng3 d5 8.cxd5 exd5
9.Bb5+ c6 10.Bd3 O-O 11.Nf5 Re8 12.g4 c5 13.g5 Ne4 14.Rg1 Bf8 15.dxc5 Nc6
16.Bb5 bxc5 17.Qxd5 Qxd5 18.Nxd5 Re5 19.f3 Rxd5 20.fxe4 Rdd8 21.Bxc6 Bxc6
22.Rg4 Rab8 23.Bd2 g6 24.Nh6+ Bxh6 25.gxh6 Rxb2 26.O-O-O Rdb8 27.Ba5 f5 28.Rh4
Bxe4 29.Rd8+ Rxd8 30.Kxb2 Rd3 31.Rh3 Kf7 32.Bc3 g5 33.Rg3 Kg6 34.Kb3 Kxh6
35.Kc4 Kg6 36.a4 h5 37.h4 g4 38.Be5 Rd1 39.Kxc5 Rd5+ {#R} 0-1

[Event "Guillermo Garcia Premier 1"]
[Site "Santa Clara CUB"]
[Date "2017.05.19"]
[Round "4.1"]
[White "Sandoval Mercado,Carlos"]
[Black "Fernandez Guillen,E"]
[Result "0-1"]
[WhiteElo "2118"]
[BlackElo "2424"]

1.d4 Nf6 2.c4 g6 3.Nf3 Bg7 4.g3 b6 5.Bg2 Bb7 6.Nc3 O-O 7.O-O Ne4 8.Nxe4 Bxe4
9.Nh4 Bxg2 10.Nxg2 d5 11.cxd5 Qxd5 12.Be3 Rd8 13.Nf4 Qb7 14.Qa4 b5 15.Qa3 Nc6
16.d5 Ne5 17.Qxe7 Nc4 18.Rab1 Re8 19.Qc5 Bf8 20.Qd4 Nxe3 21.fxe3 Qb6 22.Rbc1
Bd6 23.Kf2 Re7 24.Rc6 Qa5 25.a3 Rae8 26.h4 Be5 27.Qd3 Bxb2 28.d6 cxd6 29.Nd5
Rb7 30.Kg2 Kg7 31.h5 Qxa3 32.Nc3 Bxc3 33.Rxc3 Qa4 34.Rf4 Qa2 35.Qd4+ Re5
36.Rf2 Qd5+ 37.Qxd5 Rxd5 38.hxg6 hxg6 39.Rf1 b4 {#R} 0-1

[Event "Guillermo Garcia Premier 1"]
[Site "Santa Clara CUB"]
[Date "2017.05.19"]
[Round "4.3"]
[White "Gomez Sanchez,Jorge Marcos"]
[Black "Otero Acosta,D"]
[Result "0-1"]
[WhiteElo "2430"]
[BlackElo "2438"]

1.Nf3 d5 2.g3 c6 3.Bg2 Bg4 4.c4 e6 5.b3 Nd7 6.Bb2 Ngf6 7.O-O Bd6 8.Nc3 h5 9.d3
h4 10.Nxh4 Rxh4 11.gxh4 Nh5 12.Qe1 Bf3 13.Bc1 Qxh4 14.h3 Nf4 15.Bxf3 Qxh3 {#R}
0-1

[Event "Guillermo Garcia Premier 1"]
[Site "Santa Clara CUB"]
[Date "2017.05.19"]
[Round "4.4"]
[White "Jimenez Fraga,P"]
[Black "Medina Diaz,Rafael Alejandro"]
[Result "1-0"]
[WhiteElo "2432"]
[BlackElo "2317"]

1.e4 e6 2.d4 d5 3.Nd2 Nc6 4.Ngf3 Nf6 5.e5 Nd7 6.Be2 f6 7.exf6 Qxf6 8.Nf1 Bd6
9.Ne3 O-O 10.O-O Nb6 11.Ng4 Qf5 12.Nh4 Qf7 13.Nf3 Qf5 14.h3 e5 15.dxe5 Nxe5
16.Nfxe5 Bxe5 17.Bd3 Qe6 18.Re1 Nd7 19.Bd2 Qd6 20.Nxe5 Nxe5 21.Bxh7+ Kxh7
22.Qh5+ Kg8 23.Qxe5 Qxe5 24.Rxe5 c6 25.Rae1 Bf5 26.c3 Rad8 27.f3 d4 28.Re7 Rf7
29.Kf2 dxc3 30.Bxc3 Rxe7 31.Rxe7 Rd7 32.Re5 Bb1 33.a3 Kf7 34.h4 g6 35.h5 gxh5
36.Rxh5 Kg6 37.g4 Rd3 38.f4 Ba2 39.f5+ Kf7 40.g5 Bd5 41.g6+ Ke8 42.f6 Rf3+
43.Ke1 b6 44.Re5+ Kd8 45.Rxd5+ {#r} 1-0

[Event "Guillermo Garcia Premier 1"]
[Site "Santa Clara CUB"]
[Date "2017.05.19"]
[Round "4.5"]
[White "Garcia Matos,R"]
[Black "Cu Hor,W"]
[Result "1-0"]
[WhiteElo "2374"]
[BlackElo "2306"]

1.e4 c5 2.Nf3 d6 3.d4 Nf6 4.Nc3 cxd4 5.Nxd4 a6 6.h3 e5 7.Nde2 h5 8.g3 Nbd7
9.a4 b6 10.Bg2 Bb7 11.Bg5 Be7 12.h4 O-O 13.O-O Rc8 14.Re1 Rc7 15.Nc1 Qa8
16.Nd5 Nxd5 17.exd5 Nf6 18.Bxf6 Bxf6 19.Na2 Rc4 20.c3 a5 21.b3 Rc7 22.Qxh5
Bxd5 23.Bxd5 Qxd5 24.c4 Qd4 25.Qe2 Rd7 26.Rad1 Qc5 27.Nc3 Bd8 28.Qe3 f5
29.Qxc5 bxc5 30.Nb5 f4 31.Kg2 fxg3 32.fxg3 Rdf7 33.Rf1 Rxf1 34.Rxf1 Bf6
35.Nxd6 Rd8 36.Ne4 Be7 37.Rf5 Rd3 38.Rxe5 Kf7 39.Nxc5 Rc3 40.Rd5 g6 41.Kh3
{#r} 1-0

[Event "Guillermo Garcia Premier 2"]
[Site "Santa Clara CUB"]
[Date "2017.05.16"]
[Round "1.1"]
[White "Gil Alba,H"]
[Black "Pazos Gambarrotti,P"]
[Result "1-0"]
[WhiteElo "2343"]
[BlackElo "2244"]

1.d4 Nf6 2.Nf3 e6 3.c4 d5 4.Nc3 Bb4 5.e3 c5 6.cxd5 exd5 7.Bb5+ Nc6 8.O-O O-O
9.Ne2 c4 10.b3 cxb3 11.Qxb3 Bd6 12.Bxc6 bxc6 13.Ba3 Ba6 14.Bxd6 Qxd6 15.Qc2
Ne4 16.Rfc1 Bxe2 17.Qxe2 c5 18.dxc5 Nxc5 19.Rd1 Ne4 20.Qd3 Rad8 21.Nd4 Qf6
22.f3 Nc5 23.Qa3 Rc8 24.Rac1 Ne6 25.Nc6 Rce8 26.Rxd5 h6 27.Qc3 Qg6 28.Ne5 Qg5
29.Qd2 Qe7 30.Nd7 Qa3 31.Rd3 Qa4 32.Nxf8 Rxf8 33.Rdc3 Qa6 34.Qc2 Qb6 35.Qb3
Qa6 36.Qc4 Qd6 37.Qd3 Qb8 38.Rb3 Qa8 39.Qd7 a5 40.Rbc3 Qa6 41.Qd3 Qb7 42.Qe4
Qb5 43.a4 Qb2 44.Rc8 g6 45.Rxf8+ Kxf8 46.Qc2 Qa3 47.Qc8+ Ke7 48.Qc3 Qxa4
49.Ra1 Qb5 50.Qxa5 Qe2 51.Qa3+ Ke8 52.Qc3 Nd8 53.Qe5+ Ne6 54.h3 h5 55.Ra8+ Ke7
56.Ra7+ {#r} 1-0

[Event "Guillermo Garcia Premier 2"]
[Site "Santa Clara CUB"]
[Date "2017.05.16"]
[Round "1.5"]
[White "Garcia Carey,O"]
[Black "Reyes Najera,C"]
[Result "1-0"]
[WhiteElo "2363"]
[BlackElo "2120"]

1.e4 c5 2.Bc4 e6 3.Nf3 a6 4.O-O b5 5.Be2 Bb7 6.d3 Qc7 7.Re1 Nc6 8.c3 Nf6 9.Bf1
d5 10.e5 Nd7 11.d4 Be7 12.a3 O-O 13.Bf4 Qb6 14.Bg3 Rac8 15.Qd3 cxd4 16.cxd4 b4
17.Nbd2 Na5 18.Rab1 Rc7 19.Qe3 Rfc8 20.h4 Nc4 21.Nxc4 dxc4 22.axb4 Bxf3
23.gxf3 Bxb4 24.Red1 a5 25.f4 c3 26.bxc3 Rxc3 27.Qe4 Qc6 28.Qxc6 R3xc6 29.Bb5
R6c7 30.d5 exd5 31.Rxd5 Nb6 32.Rdd1 g6 33.h5 Rc5 34.Ba6 Ra8 35.Bb7 Rb8 36.Bf3
Na4 37.Rd7 Nc3 38.Ra1 Re8 39.hxg6 hxg6 40.Kg2 Kg7 41.Bh4 Re6 42.Bg4 Nd5
43.Bxe6 Nxf4+ 44.Kg3 Nxe6 45.Bf6+ Kf8 46.Rh1 Rc3+ 47.f3 Ke8 48.Ra7 Rc8 49.Rh7
Nc7 50.f4 Kd7 51.Rxf7+ Kc6 52.Bd8 Nb5 53.Ra6+ Kd5 54.Rd7+ Ke4 55.Bxa5 Rc3+
56.Kg4 Ra3 57.Rb7 {#r} 1-0